000
00248nam a2200097Ia 4500
008
220204s9999 xx 000 0 und d
082
_b
FOR
100
_a
Forsyth, Richard
245
0
_a
Basic idea: An introduction to computer programming
942
_c
BK
999
_c
35949
_d
35949